A Chamada do Novo Mundo (Record no. 196)

MARC details
000 -CABECERA
campo de control de longitud fija 01123nam a2200277 a 4500
001 - NÚMERO DE CONTROL
campo de control BRCA_239
005 - FECHA Y HORA DE LA ÚLTIMA TRANSACCIÓN
campo de control 20190320202930.0
008 - DATOS DE LONGITUD FIJA--INFORMACIÓN GENERAL
campo de control de longitud fija 940610s1992####sp-a#####b---s000-0#spa-d
020 ## - NÚMERO INTERNACIONAL ESTÁNDAR DEL LIBRO
Número Internacional Estándar del Libro 8445305980
041 ## - CÓDIGO DE LENGUA
Código de lengua del texto/banda sonora o título independiente spapor
044 ## - CÓDIGO DEL PAÍS DE LA ENTIDAD EDITORA/PRODUCTORA
Código MARC del país sp
050 #4 - SIGNATURA TOPOGRÁFICA DE LA BIBLIOTECA DEL CONGRESO
Número de clasificación F1416
Número de documento/Ítem .P37 1992
100 1# - ENTRADA PRINCIPAL--NOMBRE DE PERSONA
Nombre de persona Parrilla, José Antonio
9 (RLIN) 836
245 10 - MENCIÓN DE TÍTULO
Título A Chamada do Novo Mundo
Resto del título Galicia e América no século XVI = La llamada del nuevo Mundo : Galicia y América en el siglo XVI
Mención de responsabilidad, etc. José Antonio Parrilla.
260 ## - PUBLICACIÓN, DISTRIBUCIÓN, ETC.
Lugar de publicación, distribución, etc. España
Nombre del editor, distribuidor, etc. Xunta de Galicia
Fecha de publicación, distribución, etc. 1992
300 ## - DESCRIPCIÓN FÍSICA
Extensión 208 p.
Otras características físicas il. (algunas a color)
Dimensiones 24 cm.
440 #0 - MENCIÓN DE SERIE/PUNTO DE ACCESO ADICIONAL--TÍTULO
Título Colección Galicia e América
9 (RLIN) 837
500 ## - NOTA GENERAL
Nota general Incluye cronología 1492-1600
546 ## - NOTA DE LENGUA/LENGUAJE
Nota de lengua/lenguaje Texto en: español y portugués
651 #4 - PUNTO DE ACCESO ADICIONAL DE MATERIA--NOMBRE GEOGRÁFICO
Nombre geográfico América
Subdivisión de forma Gallegos
Subdivisión general Descubrimiento y exploración
9 (RLIN) 838
651 #4 - PUNTO DE ACCESO ADICIONAL DE MATERIA--NOMBRE GEOGRÁFICO
Nombre geográfico Galicia (España)
Subdivisión general Historia
Subdivisión cronológica Siglo XVI
Subdivisión geográfica América Latina
9 (RLIN) 839
651 #4 - PUNTO DE ACCESO ADICIONAL DE MATERIA--NOMBRE GEOGRÁFICO
Nombre geográfico Galicia (España)
Subdivisión de forma Relaciones
Subdivisión cronológica Siglo XVI
Subdivisión geográfica América Latina
9 (RLIN) 840
651 #4 - PUNTO DE ACCESO ADICIONAL DE MATERIA--NOMBRE GEOGRÁFICO
Nombre geográfico América Latina
Subdivisión de forma Relaciones
Subdivisión cronológica Siglo XVI
Subdivisión geográfica Galicia (España)
9 (RLIN) 841
740 0# - PUNTO DE ACCESO ADICIONAL--TÍTULO RELACIONADO O ANALÍTICO NO CONTROLADO
Título relacionado o analítico no controlado La llamada del nuevo mundo : Galicia y América en el siglo XVI
942 ## - ELEMENTOS DE PUNTO DE ACCESO ADICIONAL (KOHA)
Fuente del sistema de clasificación o colocación Library of Congress Classification
Tipo de ítem Koha Libros
Holdings
Estado de retiro Estado de pérdida Estado dañado No para préstamo Localización permanente Ubicación/localización actual Fecha de adquisición Total de préstamos Signatura topográfica completa Código de barras Fecha visto por última vez Precio válido a partir de Tipo de ítem Koha
El ejemplar forma parte de la colección y puede ser consultado según las políticas vigentes.       Biblioteca del Museo Franz Mayer (Rogerio Casas-Alatriste) Biblioteca del Museo Franz Mayer (Rogerio Casas-Alatriste) 25/06/2008   F1416 .P37 1992 00302 22/03/2019 22/03/2019 Libros